Administration & Society

Detalles Bibliográficos
Formato: eBook
Lenguaje:inglés
Materias:
Acceso en línea:Acceso restringido

MARC

LEADER 00000nam a22000007a 4500
005 20211012214135.0
007 cr|||| ||||
008 211012c19699999us n|w s|||| 0|||b1eng d
022 |a 0095-3997 
035 |a 33767 
040 |a vLex 
090 |c 12524  |d 12524 
245 0 0 |a Administration & Society  |h [Recurso electrn̤ico] / 
256 |a Servicio en ln̕ea 
300 |a 1 recurso electrn̤ico 
310 |a Irregular 
362 |a Nð 1-1 (May. 1969) - 
506 1 |a Disponible solo en los productos indicados  |d vLex Global  |d vLex Global (Academic Edition, excluding Law Schools)  |d vLex Global (Academic Edition, Law Schools) 
650 0 4 |a Derecho Civil  |z Estados Unidos 
740 0 |a vLex Revistas (Servicio en ln̕ea) 
856 4 0 |u https://app.vlex.com/#/sources/33767  |z Acceso restringido 
942 |c REV 
999 0 |a Civil Law